[Event "25th Troya Open 2017"]
[Site "Canakkale"]
[Date "2017.08.11"]
[Round "8.9"]
[White "Sar, Can"]
[Black "Vursan, Emre Can"]
[Result "1-0"]
[WhiteElo "1619"]
[BlackElo "1696"]
[Annotator "NA RC"]
[PlyCount "233"]
[EventCountry "TUR"]
[SourceTitle "playchess.com"]
[Source "ChessBase"]
[SourceQuality "1"]
[TimeControl "5400+30"]

1. e4 d5 2. exd5 Qxd5 3. Nc3 Qa5 4. d4 Nf6 5. Nf3 Bg4 6. Bc4 Nc6 7. Be3 e6 8. h3 Bb4 9. hxg4 Bxc3+ 10. bxc3 Qxc3+ 11. Nd2 Nxg4 12. Bd3 Nxd4 13. Bxd4 Qxd4 14. O-O h5 15. Qf3 Rd8 16. Ne4 Ne5 17. Qg3 h4 18. Qh3 Nxd3 19. cxd3 Qxd3 20. f3 f5 21. Nf2 Qa3 22. Rfe1 Kf7 23. Re2 Rh6 24. Rc2 c6 25. Rb1 Rd7 26. Qh2 Qe3 27. Qh3 c5 28. Kh1 b6 29. Rf1 Rd2 30. Ng4 fxg4 31. fxg4+ Rf6 32. Rxf6+ gxf6 33. Qxe3 Rxc2 34. Qb3 Rd2 35. Kh2 Rd4 36. Qf3 Kg6 37. Qe2 e5 38. Qc2+ e4 39. Kh3 f5 40. gxf5+ Kxf5 41. Kxh4 Kf4 42. Qf2+ Ke5 43. Kg5 Rd3 44. Qb2+ Rd4 45. Kg4 Kd5 46. Kf4 Ke6 47. g4 e3+ 48. Kxe3 Rxg4 49. Qh2 Rd4 50. Qg2 Rd7 51. Qc6+ Ke7 52. Ke4 Rd6 53. Qc7+ Rd7 54. Qe5+ Kd8 55. Kf5 Rf7+ 56. Kg6 Rc7 57. Kf6 Kc8 58. Qd5 Kb8 59. Qc4 Kb7 60. Ke5 Rc6 61. a4 a5 62. Kd5 Rc7 63. Qe4 Ka7 64. Kd6 Kb8 65. Qe8+ Rc8 66. Qe5 Kb7 67. Qd5+ Kb8 68. Kd7 Rc7+ 69. Kd8 Rc8+ 70. Kd7 Rc7+ 71. Kd6 Rc8 72. Qc4 Kb7 73. Ke5 Rc6 74. Ke4 Rc7 75. Kd3 Rd7+ 76. Kc2 Rd4 77. Qf7+ Kb8 78. Kc3 Rb4 79. Qd7 Rd4 80. Qb5 Kb7 81. Qe8 Rb4 82. Qd7+ Kb8 83. Qc6 Ka7 84. Qc7+ Ka8 85. Kd3 Rd4+ 86. Kc3 Rb4 87. Kd3 Rd4+ 88. Ke3 Rb4 89. Kf3 c4 90. Ke4 c3+ 91. Kd5 c2 92. Qxc2 Kb7 93. Qc6+ Kb8 94. Qd7 Rb1 95. Kc6 Rc1+ 96. Kb5 Rc7 97. Qd6 Ka8 {[%emt 2:17:17]} 98. Kxb6 {[%emt 1:53:00]} Rb7+ {[%emt 0:00:05]} 99. Kxa5 {[%emt 0:00:30]} Ra7+ {[%emt 0:01:09]} 100. Kb4 {[%emt 0:00:30]} Rb7+ {[%emt 0:00:00]} 101. Ka3 {[%emt 0:00:00]} Rc7 {[%emt 0:00:09]} 102. a5 {[%emt 0:00:00]} Ra7 {[%emt 0:00:29]} 103. a6 {[%emt 0:00:30]} Rh7 {[%emt 0:00:45]} 104. Ka4 {[%emt 0:00:30]} Ka7 {[%emt 0:00:41]} 105. Qc6 {[%emt 0:01:30]} Rh4+ {[%emt 0:00:23]} 106. Kb3 {[%emt 0:00:00]} Rh3+ {[%emt 0:00:12]} 107. Kc2 {[%emt 0:00:00]} Rh2+ {[%emt 0:00:09]} 108. Kd3 {[%emt 0:00:00]} Rh3+ {[%emt 0:00:03]} 109. Ke2 {[%emt 0:00:00]} Rh2+ {[%emt 0:00:08]} 110. Kf3 {[%emt 0:00:30]} Rh7 {[%emt 0:00:25]} 111. Kg4 {[%emt 0:00:00]} Kb8 {[%emt 0:00:30]} 112. Kg5 {[%emt 0:00:00]} Rg7+ {[%emt 0:00:03]} 113. Kh6 {[%emt 0:00:30]} Rc7 {[%emt 0:00:27]} 114. Qd6 {[%emt 0:00:30]} Kc8 {[%emt 0:00:22]} 115. Qb6 {[%emt 0:00:30]} Rd7 {[%emt 0:00:35]} 116. Qc6+ {[%emt 0:00:30]} Kd8 {[%emt 0:00:40]} 117. Qxd7+ {[%emt 0:00:00]} 1-0

[Event "25th Troya Open 2017"]
[Site "Canakkale"]
[Date "2017.08.11"]
[Round "8.10"]
[White "Ozkurt, Kutay"]
[Black "Sozen, Abdullah"]
[Result "1-0"]
[WhiteElo "1686"]
[BlackElo "1629"]
[Annotator "NA RC"]
[PlyCount "185"]
[EventCountry "TUR"]
[SourceTitle "playchess.com"]
[Source "ChessBase"]
[SourceQuality "1"]
[TimeControl "5400+30"]

1. e4 {[%emt 0:00:30]} e5 {[%emt 0:01:00]} 2. d4 {[%emt 0:00:30]} exd4 {[%emt 0:00:30]} 3. Qxd4 {[%emt 0:00:30]} Nc6 {[%emt 0:00:30]} 4. Qe3 {[%emt 0:00:30]} Nf6 {[%emt 0:00:30]} 5. Nc3 {[%emt 0:00:30]} Bb4 {[%emt 0:00:30]} 6. Bd2 {[%emt 0:00:00]} O-O {[%emt 0:01:30]} 7. O-O-O {[%emt 0:00:00]} d6 {[%emt 0:01:30]} 8. f3 {[%emt 0:00:00]} Bc5 {[%emt 0:01:30]} 9. Qg5 {[%emt 0:03:00]} Nd4 {[%emt 0:05:30]} 10. Nge2 {[%emt 0:02:30]} Ne6 {[%emt 0:00:30]} 11. Qg3 {[%emt 0:00:30]} Nh5 {[%emt 0:02:30]} 12. Qe1 {[%emt 0:00:00]} Qf6 {[%emt 0:02:30]} 13. Nd5 {[%emt 0:00:00]} Qd8 {[%emt 0:00:30]} 14. g4 {[%emt 0:01:30]} Nf6 {[%emt 0:00:30]} 15. Ndf4 {[%emt 0:00:30]} Qe8 {[%emt 0:03:30]} 16. Nc3 {[%emt 0:03:30]} a6 {[%emt 0:02:30]} 17. h4 {[%emt 0:02:30]} c6 {[%emt 0:02:30]} 18. h5 {[%emt 0:00:30]} b5 {[%emt 0:05:30]} 19. Nxe6 {[%emt 0:00:30]} Bxe6 {[%emt 0:01:30]} 20. g5 {[%emt 0:00:00]} Nd7 {[%emt 0:01:30]} 21. Kb1 {[%emt 0:03:00]} a5 {[%emt 0:02:30]} 22. f4 {[%emt 0:00:30]} Bg4 {[%emt 0:01:30]} 23. Be2 {[%emt 0:00:00]} Bxe2 {[%emt 0:00:30]} 24. Qxe2 {[%emt 0:01:00]} a4 {[%emt 0:02:30]} 25. Rde1 {[%emt 0:21:30]} b4 {[%emt 0:02:30]} 26. Nd1 {[%emt 0:00:00]} b3 {[%emt 0:03:30]} 27. a3 {[%emt 0:02:00]} bxc2+ {[%emt 0:02:30]} 28. Kxc2 {[%emt 0:00:30]} Qe6 {[%emt 0:00:30]} 29. Bc3 {[%emt 0:00:30]} Qb3+ {[%emt 0:00:30]} 30. Kc1 {[%emt 0:00:30]} Rab8 {[%emt 0:00:30]} 31. Qc2 {[%emt 0:00:30]} Qa2 {[%emt 0:00:30]} 32. f5 {[%emt 0:00:30]} Ba7 {[%emt 0:00:30]} 33. f6 {[%emt 0:00:30]} Nc5 {[%emt 0:08:30]} 34. Kd2 {[%emt 0:27:30]} Qc4 {[%emt 0:03:30]} 35. Ne3 {[%emt 0:01:30]} Nxe4+ {[%emt 0:02:30]} 36. Kc1 {[%emt 0:01:30]} Bxe3+ {[%emt 0:00:30]} 37. Rxe3 {[%emt 0:00:00]} Nxc3 {[%emt 0:01:30]} 38. Qxc3 {[%emt 0:00:00]} Qf4 {[%emt 0:00:30]} 39. Qd2 {[%emt 0:05:30]} Qxg5 {[%emt 0:02:30]} 40. fxg7 {[%emt 0:00:00]} Qxg7 {[%emt 0:00:30]} 41. h6 {[%emt 0:01:00]} Qf6 {[%emt 0:01:30]} 42. Qg2+ {[%emt 0:01:30]} Kh8 {[%emt 0:00:30]} 43. Rc3 {[%emt 0:10:10]} c5 {[%emt 0:01:30]} 44. Rf3 {[%emt 0:00:42]} Qe5 {[%emt 0:00:30]} 45. Qf2 {[%emt 0:00:24]} f5 {[%emt 0:01:30]} 46. Rf1 {[%emt 0:00:40]} c4 {[%emt 0:00:30]} 47. Qc2 {[%emt 0:00:09]} d5 {[%emt 0:01:30]} 48. Rxf5 {[%emt 0:00:20]} Rxf5 {[%emt 0:00:00]} 49. Rxf5 {[%emt 0:01:04]} Qe1+ {[%emt 0:00:00]} 50. Qd1 {[%emt 0:00:00]} Qxd1+ {[%emt 0:00:30]} 51. Kxd1 {[%emt 0:00:00]} Rd8 {[%emt 0:00:30]} 52. Rf7 {[%emt 0:00:07]} Kg8 {[%emt 0:00:30]} 53. Ra7 {[%emt 0:00:30]} Rd6 {[%emt 0:00:30]} 54. Rxa4 {[%emt 0:00:30]} Rxh6 {[%emt 0:00:30]} 55. Ra7 {[%emt 0:00:30]} Rd6 {[%emt 0:00:30]} 56. Kc2 {[%emt 0:00:30]} h5 {[%emt 0:00:30]} 57. Re7 {[%emt 0:00:30]} h4 {[%emt 0:00:30]} 58. Re1 {[%emt 0:00:30]} h3 {[%emt 0:00:00]} 59. Rh1 {[%emt 0:01:38]} Rh6 {[%emt 0:00:00]} 60. Kc3 {[%emt 0:00:07]} Kf7 {[%emt 0:00:00]} 61. Kd4 {[%emt 0:00:12]} Ke6 {[%emt 0:00:00]} 62. Kc5 {[%emt 0:00:06]} Rh5 {[%emt 0:00:00]} 63. a4 {[%emt 0:00:25]} Kd7 {[%emt 0:22:56]} 64. Kb6 {[%emt 0:02:49]} Kc8 {[%emt 0:00:00]} 65. a5 {[%emt 0:00:00]} d4 {[%emt 0:00:00]} 66. a6 {[%emt 0:00:12]} Kb8 {[%emt 0:00:00]} 67. Rf1 {[%emt 0:00:53]} Rh6+ {[%emt 0:00:00]} 68. Kb5 {[%emt 0:00:00]} h2 {[%emt 0:00:00]} 69. Rf8+ {[%emt 0:00:00]} Kc7 {[%emt 0:00:00]} 70. a7 {[%emt 0:06:02]} Rb6+ {[%emt 0:00:00]} 71. Kc5 {[%emt 0:01:23]} Rc6+ {[%emt 0:00:00]} 72. Kb5 {[%emt 0:00:16]} Rb6+ {[%emt 0:00:00]} 73. Kc5 {[%emt 0:00:09]} h1=Q {[%emt 0:00:00]} 74. Rf7+ {[%emt 0:00:27]} Kc8 {[%emt 0:00:00]} 75. Kxb6 {[%emt 0:00:22]} Qh6+ {[%emt 0:00:00]} 76. Kb5 {[%emt 0:00:08]} Qh5+ {[%emt 0:00:00]} 77. Kb4 {[%emt 0:00:11]} Qxf7 {[%emt 0:00:13]} 78. a8=Q+ {[%emt 0:00:37]} Kd7 {[%emt 0:00:21]} 79. Qb7+ {[%emt 0:00:00]} Ke6 {[%emt 0:00:30]} 80. Qxf7+ {[%emt 0:00:32]} Kxf7 {[%emt 0:00:30]} 81. Kxc4 {[%emt 0:00:03]} d3 {[%emt 0:00:00]} 82. Kxd3 {[%emt 0:00:08]} Ke6 {[%emt 0:00:00]} 83. Ke4 {[%emt 0:00:21]} Kd6 {[%emt 0:00:30]} 84. Kd4 {[%emt 0:00:03]} Kc6 {[%emt 0:00:00]} 85. Kc4 {[%emt 0:00:36]} Kb6 {[%emt 0:00:00]} 86. Kb4 {[%emt 0:00:00]} Kc6 {[%emt 0:00:00]} 87. Ka5 {[%emt 0:00:04]} Kb7 {[%emt 0:00:00]} 88. Kb5 {[%emt 0:00:05]} Ka7 {[%emt 0:00:00]} 89. Kc6 {[%emt 0:00:00]} Ka6 {[%emt 0:00:00]} 90. b4 {[%emt 0:00:25]} Ka7 {[%emt 0:00:00]} 91. b5 {[%emt 0:00:00]} Ka8 {[%emt 0:00:00]} 92. b6 {[%emt 0:00:00]} Kb8 {[%emt 0:00:30]} 93. b7 {[%emt 0:00:00]} 1-0

[Event "25th Troya Open 2017"]
[Site "Canakkale"]
[Date "2017.08.11"]
[Round "8.11"]
[White "Yildiz, Serkan"]
[Black "Algunerhan, Siar"]
[Result "0-1"]
[WhiteElo "1770"]
[BlackElo "1742"]
[Annotator "NA"]
[PlyCount "54"]
[EventCountry "TUR"]
[SourceTitle "playchess.com"]
[Source "ChessBase"]
[SourceQuality "1"]
[TimeControl "5400+30"]

1. c4 {[%emt 0:00:30]} Nf6 {[%emt 0:01:00]} 2. Nc3 {[%emt 0:00:30]} e6 {[%emt 0:00:30]} 3. Nf3 {[%emt 0:00:30]} d5 {[%emt 0:00:30]} 4. e3 {[%emt 0:00:30]} c5 {[%emt 0:01:30]} 5. d4 {[%emt 0:05:30]} Nc6 {[%emt 0:00:30]} 6. cxd5 {[%emt 0:01:30]} exd5 {[%emt 0:01:30]} 7. Bb5 {[%emt 0:03:30]} cxd4 {[%emt 0:09:30]} 8. Nxd4 {[%emt 0:03:30]} Bd7 {[%emt 0:02:30]} 9. O-O {[%emt 0:17:30]} Bd6 {[%emt 0:05:30]} 10. Re1 {[%emt 0:08:30]} O-O {[%emt 0:09:30]} 11. e4 {[%emt 0:03:30]} Ng4 {[%emt 0:09:30]} 12. Nf3 {[%emt 0:04:30]} Bc5 {[%emt 0:08:30]} 13. Re2 {[%emt 0:06:30]} Qb6 {[%emt 0:05:30]} 14. exd5 {[%emt 0:15:30]} Nxf2 {[%emt 0:03:30]} 15. Qf1 {[%emt 0:05:57]} Ne4+ {[%emt 0:04:30]} 16. Kh1 {[%emt 0:00:41]} Nxc3 {[%emt 0:00:00]} 17. bxc3 {[%emt 0:03:41]} Qxb5 {[%emt 0:02:00]} 18. dxc6 {[%emt 0:00:32]} Bxc6 {[%emt 0:03:30]} 19. Ne5 {[%emt 0:01:31]} Rae8 {[%emt 0:02:30]} 20. c4 {[%emt 0:00:28]} Qb6 {[%emt 0:05:30]} 21. Bf4 {[%emt 0:00:45]} f6 {[%emt 0:02:30]} 22. Rb1 {[%emt 0:00:34]} fxe5 {[%emt 0:02:00]} 23. Rxb6 {[%emt 0:00:15]} axb6 {[%emt 0:00:36]} 24. h3 {[%emt 0:02:13]} Rxf4 {[%emt 0:00:36]} 25. Qe1 {[%emt 0:00:57]} Ref8 {[%emt 0:00:22]} 26. Kh2 {[%emt 0:00:32]} e4 {[%emt 0:01:05]} 27. Qg3 {[%emt 0:00:30]} Bd6 {[%emt 0:01:21]} 0-1

[Event "25th Troya Open 2017"]
[Site "Canakkale"]
[Date "2017.08.11"]
[Round "8.12"]
[White "Kara, Gulce Nehir"]
[Black "Istekli, Erdem"]
[Result "1/2-1/2"]
[WhiteElo "1659"]
[BlackElo "1696"]
[Annotator "NA RC"]
[PlyCount "56"]
[EventCountry "TUR"]
[SourceTitle "playchess.com"]
[Source "ChessBase"]
[SourceQuality "1"]
[TimeControl "5400+30"]

1. e4 {[%emt 0:00:30]} c5 {[%emt 0:01:00]} 2. Nf3 {[%emt 0:00:30]} Nc6 {[%emt 0:00:30]} 3. d4 {[%emt 0:00:30]} cxd4 {[%emt 0:00:30]} 4. Nxd4 {[%emt 0:00:30]} g6 {[%emt 0:00:30]} 5. c4 {[%emt 0:00:30]} Bg7 {[%emt 0:00:30]} 6. Be3 {[%emt 0:00:30]} d6 {[%emt 0:00:30]} 7. Nc3 {[%emt 0:00:00]} Nf6 {[%emt 0:00:30]} 8. Be2 {[%emt 0:00:00]} O-O {[%emt 0:01:30]} 9. O-O {[%emt 0:00:00]} Bd7 {[%emt 0:07:30]} 10. Qd2 {[%emt 0:00:00]} Nxd4 {[%emt 0:00:30]} 11. Bxd4 {[%emt 0:00:30]} Bc6 {[%emt 0:00:00]} 12. f3 {[%emt 0:00:00]} a5 {[%emt 0:02:00]} 13. b3 {[%emt 0:04:00]} Nd7 {[%emt 0:00:30]} 14. Be3 {[%emt 0:03:30]} Nc5 {[%emt 0:01:30]} 15. Rab1 {[%emt 0:02:30]} Qb6 {[%emt 0:14:30]} 16. Rfc1 {[%emt 0:04:30]} Rfc8 {[%emt 0:02:30]} 17. Kh1 {[%emt 0:05:30]} Qd8 {[%emt 0:11:30]} 18. Nd5 {[%emt 0:06:30]} Bxd5 {[%emt 0:07:30]} 19. exd5 {[%emt 0:00:30]} h5 {[%emt 0:02:30]} 20. Re1 {[%emt 0:05:30]} Qf8 {[%emt 0:12:30]} 21. Bf1 {[%emt 0:04:30]} Rc7 {[%emt 0:02:30]} 22. Bf2 {[%emt 0:03:30]} Bf6 {[%emt 0:02:30]} 23. Bd4 {[%emt 0:04:30]} Qg7 {[%emt 0:02:30]} 24. Bxf6 {[%emt 0:05:30]} Qxf6 {[%emt 0:00:30]} 25. Re3 {[%emt 0:00:30]} Kf8 {[%emt 0:08:59]} 26. Rbe1 {[%emt 0:03:30]} h4 {[%emt 0:03:48]} 27. R3e2 {[%emt 0:03:30]} Kg7 {[%emt 0:01:57]} 28. Re3 {[%emt 0:04:30]} b6 {[%emt 0:01:53]} 1/2-1/2